000 00937nam a22002177a 4500
999 _c18011
_d18011
003 AR-CdUCM
008 190511b ||||| |||| 00| 0 spa d
040 _aMUNICIPALIDAD PROVINCIAL DEL CUSCO
_cBIBLIOTECA MUNICIPAL DEL CUSCO
082 _a985.093 /
_bL67
100 _aLisigurski Pordominski, Rubén
_938332
245 _aLa revolución peruana :
_bqué es y dónde va /
260 _aLima :
_bSanta Isabel,
_c1973.
300 _a268 páginas ;
_bretrato, figuras,
_c18 cm.
505 _aContenido: El proceso de cambio -- Las premisas para el Nuevo Rol del Ejercito -- El rubicón de la reforma agraria radical -- Política internacional independiente y activa -- Nuevo papel del Estado en el desarrollo económico ...
650 _aPerú
_935
650 _aHistoria
_9136
650 _aGobierno Revolucionario
_917656
700 _aBarandiarán Pagador, Luis (prólogo)
_938333
942 _2ddc
_cLIBROS
945 _aachl
_d2019-05-11